<?xml version="1.0" encoding="UTF-8"?>
<record
    xmlns:xsi="http://www.w3.org/2001/XMLSchema-instance"
    xsi:schemaLocation="http://www.loc.gov/MARC21/slim http://www.loc.gov/standards/marcxml/schema/MARC21slim.xsd"
    xmlns="http://www.loc.gov/MARC21/slim">

  <leader>01324nam a22001817a 4500</leader>
  <controlfield tag="008">140610b        xxu||||| |||| 00| 0 eng d</controlfield>
  <datafield tag="020" ind1=" " ind2=" ">
    <subfield code="a">0684864665</subfield>
  </datafield>
  <datafield tag="050" ind1=" " ind2=" ">
    <subfield code="a">HF5415.5.R87</subfield>
  </datafield>
  <datafield tag="100" ind1=" " ind2=" ">
    <subfield code="a">Rust, Roland T.</subfield>
  </datafield>
  <datafield tag="245" ind1=" " ind2=" ">
    <subfield code="a">Driving customer equity: how customer life time value is rehaping corporate strategy. /</subfield>
    <subfield code="c">Roland T. Rust, Valarie Zeithaml and Katherine N. Lemon</subfield>
  </datafield>
  <datafield tag="260" ind1=" " ind2=" ">
    <subfield code="a">Toronto:</subfield>
    <subfield code="b">The Free Press,</subfield>
    <subfield code="c">2000.</subfield>
  </datafield>
  <datafield tag="300" ind1=" " ind2=" ">
    <subfield code="a">xii, 292p.:</subfield>
    <subfield code="b">ills.;</subfield>
    <subfield code="c">24cm.</subfield>
  </datafield>
  <datafield tag="500" ind1=" " ind2=" ">
    <subfield code="a">Includes index and appendix.</subfield>
  </datafield>
  <datafield tag="505" ind1=" " ind2=" ">
    <subfield code="a">Contents: Beyond brand equity: The case for customer equity -- The Profitable product death spiral -- The True lifetime value of the customer -- The Customer equity framework: A framework for customer equity --  Driving value equity -- Driving brand equity -- Driving retention equity -- Customer-Centered strategy: Measuring customer equity -- Evaluating financial impact -- Strategic analysis -- Managing customer equity: The customer pyramid -- Managing the customer pyramid -- Customer alchemy -- The Internet as the ultimate customer equity tool -- The Customer equity corporation -- Appendices: Obtaining the lifetime value -- Example of customer survey -- Calculating the importance of customer equity drivers.</subfield>
  </datafield>
  <datafield tag="700" ind1=" " ind2=" ">
    <subfield code="a">Zeithaml, Valarie A.</subfield>
  </datafield>
  <datafield tag="700" ind1=" " ind2=" ">
    <subfield code="a">Lemon, Katherine N.</subfield>
  </datafield>
  <datafield tag="942" ind1=" " ind2=" ">
    <subfield code="2">lcc</subfield>
    <subfield code="c">BK</subfield>
  </datafield>
  <datafield tag="999" ind1=" " ind2=" ">
    <subfield code="c">2984</subfield>
    <subfield code="d">10484</subfield>
  </datafield>
  <datafield tag="952" ind1=" " ind2=" ">
    <subfield code="0">0</subfield>
    <subfield code="1">0</subfield>
    <subfield code="2">lcc</subfield>
    <subfield code="4">0</subfield>
    <subfield code="7">0</subfield>
    <subfield code="a">WIUC-1</subfield>
    <subfield code="b">WIUC-1</subfield>
    <subfield code="c">REF</subfield>
    <subfield code="d">2014-06-10</subfield>
    <subfield code="l">0</subfield>
    <subfield code="o">HF5415.5.R87</subfield>
    <subfield code="p">7075/92/13</subfield>
    <subfield code="r">2014-06-10 00:00:00</subfield>
    <subfield code="t">1</subfield>
    <subfield code="w">2014-06-10</subfield>
    <subfield code="y">BK</subfield>
  </datafield>
</record>
